000 00544nam a2200157 4500
008 170323b xxu||||| |||| 00| 0 eng d
022 _a01153544
082 _aDPer 338.05 En86 Apr-Jul 2015 v. 15, n. 158-161
100 _919490
_aBaluyot, Juju Z.
245 _aIcy treatment:
_bcold wraps are cool way to heal/
_cJuju Z. Baluyot.
260 _aPhilippines:
_bSummit Media,
_cApr-Jul 2015.
300 _av15 n160, page 15:
_billustrations,
_c28 cm.
500 _aEntrepreneur.
650 0 _919491
_aInvention
_xTreatment
942 _2ddc
_cPER
999 _c6432
_d6432